000 00464nam a2200181Ia 4500
005 20250326125456.0
008 250326s9999 xx 000 0 und d
037 _aTextbook
040 _aFMSL
_beng
_cFMSL
041 _aeng
_2eng
084 _aY:434 L2
_qFMSL
100 _aRoa J L
_9739169
245 0 _aPoverty
_cRoa J L
260 _aUSA
_bUSA, Penguin Education
_c1972
300 _a349p
942 _cTB
_hY:434 L2
999 _c1278230
_d1278230